Brexit jako šance pro EU založenou na jednotném trhu

Výsledky britského referenda ako príležitosť pre reflexiu, ktorá by sa nemala "prehospodáriť". Neexistencia spoločného rozpočtu a fiškálnej politiky si vynútila nárast koordinácie podporovanej spleťou predpisov a nariadení. Európske hospodárstvo a globálna konkurencia.

Saved in:
Bibliographic Details
Main Author: Procházka, Petr
Format: Book Chapter
Language:Czech
Subjects:
Tags: Add Tag
No Tags, Be the first to tag this record!

MARC

LEADER 00000naa a2200000 4500
001 0221722
005 20160906135257.7
041 0 |a cze 
044 |a CZ 
245 1 0 |a Brexit jako šance pro EU založenou na jednotném trhu  |c Petr Procházka 
520 |a Výsledky britského referenda ako príležitosť pre reflexiu, ktorá by sa nemala "prehospodáriť". Neexistencia spoločného rozpočtu a fiškálnej politiky si vynútila nárast koordinácie podporovanej spleťou predpisov a nariadení. Európske hospodárstvo a globálna konkurencia. 
610 2 0 |a Európska únia 
610 2 0 |a eurozóna 
610 2 0 |a banky 
610 2 0 |a politika menová 
610 2 0 |a politika fiškálna 
610 2 0 |a vývoj hospodársky 
610 2 0 |a trh spoločný 
610 2 0 |a spolupráca medzinárodná 
100 1 |a Procházka, Petr